[Event "OPEN B"]
[Site "?"]
[Date "2008.08.24"]
[Round "2.11"]
[White "Mejzlik, J."]
[Black "Psenicka, T."]
[Result "1-0"]
[WhiteElo "1451"]
[BlackElo "1641"]
[PlyCount "34"]
[EventDate "2008.08.23"]
[SourceDate "2008.08.24"]

1. c4 c5 2. Nc3 Nc6 3. g3 e6 4. Bg2 Be7 5. e4 Nf6 6. Nge2 O-O 7. O-O a6 8. d3
h6 9. h3 Rb8 10. f4 d6 11. g4 Nh7 12. Ng3 Nd4 13. Nce2 b5 14. Nxd4 cxd4 15. b3
Bf6 16. cxb5 axb5 17. Rf2 Bd7 1-0

[Event "OPEN B"]
[Site "?"]
[Date "2008.08.24"]
[Round "2.21"]
[White "Krejci, M."]
[Black "Hrdina, R."]
[Result "1/2-1/2"]
[WhiteElo "1438"]
[BlackElo "1624"]
[PlyCount "64"]
[EventDate "2008.08.23"]
[SourceDate "2008.08.24"]

1. e4 d5 2. exd5 Nf6 3. d4 Nxd5 4. c4 Nf6 5. Nf3 g6 6. Be2 Bg7 7. O-O O-O 8. h3
Bf5 9. Nc3 Nc6 10. a3 h6 11. Be3 Kh7 12. Bd3 Bxd3 13. Qxd3 e5 14. d5 Re8 15.
Rad1 Nb8 16. Qc2 Nbd7 17. Rfe1 e4 18. Nd2 Ne5 19. Ncxe4 Nxe4 20. Nxe4 Qh4 21.
Nd2 f5 22. Bc5 b6 23. Bb4 Nd7 24. Nf3 Qf4 25. Qa4 Ne5 26. Nxe5 Bxe5 27. Qd7+
Kg8 28. Rxe5 Rxe5 29. Bc3 Rae8 30. Bxe5 Qxe5 31. Qc6 Qe2 32. Qxg6+ Kf8 1/2-1/2

[Event "OPEN B"]
[Site "?"]
[Date "2008.08.24"]
[Round "2.13"]
[White "Brhlik, A."]
[Black "Kudrna, J."]
[Result "1/2-1/2"]
[WhiteElo "1682"]
[BlackElo "1000"]
[PlyCount "136"]
[EventDate "2008.08.23"]
[SourceDate "2008.08.24"]

1. e4 e6 2. d4 a6 3. c4 c5 4. d5 e5 5. Nf3 d6 6. Nc3 Be7 7. Bd3 Bf6 8. Be3 Ne7
9. a3 Nd7 10. b4 b6 11. O-O Ng6 12. Qd2 O-O 13. Rac1 Nh4 14. Ne1 Ng6 15. Rb1
Be7 16. Ne2 Nf6 17. f3 Bd7 18. g3 Ne8 19. g4 h6 20. h3 Bg5 21. Ng2 Bxe3+ 22.
Qxe3 Nh4 23. Ne1 Ng6 24. f4 exf4 25. Nxf4 Ne5 26. Nf3 Qe7 27. Ne2 a5 28. b5
Nxf3+ 29. Qxf3 Qe5 30. Qf4 Qg5 31. Qxg5 hxg5 32. Kg2 Nf6 33. Rbe1 Rae8 34. Nc3
Re5 35. Kf3 Nh7 36. Re2 Rfe8 37. Rfe1 Nf8 38. Na4 Rb8 39. Kg3 Ng6 40. Rf1 Nf4
41. Rxf4 gxf4+ 42. Kxf4 Kh7 43. Rf2 g6 44. Rf1 Kg7 45. Rg1 Kf8 46. Rf1 Ke7 47.
Rg1 Kd8 48. Nc3 Kc7 49. Nd1 Rh8 50. Rg3 Rh4 51. Ne3 Re8 52. Ng2 Rh6 53. Kg5 Rh7
54. Kf6 Re5 55. Rf3 g5 56. Ne3 Be8 57. Nf5 Bd7 58. Kxg5 Bxf5 59. gxf5 Kd7 60.
Kf6 Ke8 61. Rg3 Kf8 62. Bc2 Rh6+ 63. Kg5 Kg7 64. Kg4 f6 65. Bd3 Re8 66. Kf4+
Kf7 67. Be2 Reh8 68. Bg4 Rh4 1/2-1/2

[Event "Open B"]
[Site "?"]
[Date "2008.08.24"]
[Round "2.14"]
[White "Studzinski, B."]
[Black "Hatas, R."]
[Result "0-1"]
[WhiteElo "1000"]
[BlackElo "1564"]
[PlyCount "56"]
[EventDate "2008.08.23"]
[SourceDate "2008.08.24"]

1. e4 d5 2. exd5 Qxd5 3. Nc3 Qa5 4. d4 Nf6 5. Bd2 c6 6. Nf3 Bg4 7. Be2 Nbd7 8.
O-O e6 9. Nh4 Qh5 10. Bxg4 Qxh4 11. Bf3 Bd6 12. g3 Qxd4 13. Be3 Qb4 14. Rb1 Bc7
15. a3 Qe7 16. Re1 h5 17. Bg5 Qc5 18. Be3 Qf5 19. Bd4 O-O-O 20. Qe2 h4 21. Be4
Nxe4 22. Qxe4 Qxe4 23. Rxe4 hxg3 24. hxg3 e5 25. Be3 Nf6 26. Bg5 Nxe4 27. Bxd8
Nxc3 28. bxc3 Rxd8 0-1

[Event "OPEN B"]
[Site "?"]
[Date "2008.08.24"]
[Round "2.15"]
[White "Janouchova, M."]
[Black "Kutil, P."]
[Result "1/2-1/2"]
[WhiteElo "1543"]
[BlackElo "1409"]
[PlyCount "76"]
[EventDate "2008.08.23"]
[SourceDate "2008.08.24"]

1. d4 e6 2. c4 Nf6 3. Nc3 b6 4. e4 Bb7 5. Bg5 Be7 6. e5 Ne4 7. Bxe7 Qxe7 8.
Nxe4 Bxe4 9. Nf3 d5 10. cxd5 Bxd5 11. Be2 Qb4+ 12. Qd2 Qxd2+ 13. Kxd2 O-O 14.
h4 Nd7 15. Rhc1 c5 16. Bb5 Bxf3 17. gxf3 Rfd8 18. dxc5 Nxc5+ 19. Ke3 Rd5 20. f4
Rad8 21. Rc3 g6 22. b4 Ne4 23. Rd3 Nxf2 24. Rxd5 Rxd5 25. Bc4 Ng4+ 26. Kf3 Rd4
27. Kxg4 Rxc4 28. a3 a5 29. Rb1 axb4 30. Rxb4 Rxb4 31. axb4 h6 32. Kf3 Kf8 33.
Ke4 Ke7 34. Kd4 f6 35. b5 fxe5+ 36. Kxe5 h5 37. Kd4 Kf6 38. Ke4 Kf7 1/2-1/2

[Event "OPEN B"]
[Site "?"]
[Date "2008.08.24"]
[Round "2.16"]
[White "Starek, S."]
[Black "Sochurek, P."]
[Result "1-0"]
[WhiteElo "1250"]
[BlackElo "1451"]
[PlyCount "59"]
[EventDate "2008.08.23"]
[SourceDate "2008.08.24"]

1. d4 d5 2. c4 Nf6 3. Nc3 e6 4. Bg5 Be7 5. Nf3 h6 6. Bh4 Nbd7 7. e3 c5 8. Qa4
O-O 9. Bd3 dxc4 10. Bxc4 cxd4 11. exd4 Nb6 12. Qb3 Nxc4 13. Qxc4 Bd7 14. O-O
Bc6 15. Ne5 Be8 16. Rad1 Rc8 17. Qe2 Nd5 18. Bxe7 Nxe7 19. Qe4 Nc6 20. Nxc6
Bxc6 21. Qg4 Qb6 22. b3 Qb4 23. Rd3 b6 24. Rg3 g6 25. Rd1 Bb7 26. Rdd3 Ba6 27.
Rdf3 Kh7 28. Rxf7+ Rxf7 29. Qxg6+ Kh8 30. Qxh6+ 1-0

[Event "OPEN B"]
[Site "?"]
[Date "2008.08.24"]
[Round "2.17"]
[White "Silhavy, J."]
[Black "Skvaril, M."]
[Result "0-1"]
[WhiteElo "1633"]
[BlackElo "1250"]
[PlyCount "56"]
[EventDate "2008.08.23"]
[SourceDate "2008.08.24"]

1. e4 e5 2. Nf3 Nc6 3. Bb5 f5 4. Nc3 d6 5. d3 Nf6 6. O-O Be7 7. Re1 O-O 8. Bc4+
Kh8 9. a3 Bd7 10. b4 a6 11. Bb2 Qc8 12. Nd5 Bd8 13. Ba2 Ne7 14. Nxf6 Rxf6 15.
Ng5 h6 16. Nf7+ Kh7 17. Nxd8 Qxd8 18. c4 Qf8 19. Qd2 Ng6 20. Rac1 Nh4 21. Qe3
f4 22. Qe2 Rg6 23. g3 Bg4 24. Qc2 Nf3+ 25. Kg2 Nxe1+ 26. Rxe1 fxg3 27. hxg3
Qf3+ 28. Kh2 Rg5 0-1

[Event "Open B"]
[Site "?"]
[Date "2008.08.24"]
[Round "2.18"]
[White "Skalicky, T."]
[Black "Jirousek, F."]
[Result "1-0"]
[WhiteElo "1493"]
[BlackElo "1250"]
[PlyCount "43"]
[EventDate "2008.08.22"]
[SourceDate "2008.08.24"]

1. e4 e5 2. Nc3 Nf6 3. f4 d5 4. fxe5 Nxe4 5. Nf3 Nxc3 6. bxc3 Be6 7. d4 Be7 8.
Bd3 O-O 9. O-O Nd7 10. Bd2 c6 11. Qe1 b6 12. Qg3 g6 13. Bh6 Re8 14. Ng5 Bxg5
15. Bxg5 Qc7 16. Rf2 c5 17. Raf1 cxd4 18. cxd4 Nb8 19. Qh4 Nc6 20. Bf6 h5 21.
Qg5 Kh7 22. Qxh5+ 1-0

[Event "Open B"]
[Site "?"]
[Date "2008.08.24"]
[Round "2.19"]
[White "Pychova, N."]
[Black "Hatas, O."]
[Result "0-1"]
[WhiteElo "1250"]
[BlackElo "1437"]
[PlyCount "96"]
[EventDate "2008.08.22"]
[SourceDate "2008.08.24"]

1. e4 e5 2. Nf3 Nc6 3. Bb5 a6 4. Bxc6 dxc6 5. d3 Bd6 6. Nc3 Bg4 7. h3 Bh5 8.
Be3 Qd7 9. Qe2 Ne7 10. a3 f6 11. Na2 Bf7 12. Nc1 g6 13. Nd2 O-O-O 14. Ncb3 f5
15. exf5 gxf5 16. f3 Rhg8 17. O-O-O Nd5 18. Rhg1 Be7 19. Bf2 Nf4 20. Qf1 Bg5
21. Bg3 Bxb3 22. Bxf4 Bxf4 23. cxb3 Qxd3 24. Qxd3 Rxd3 25. Kc2 Rgd8 26. Nc4
Rxd1 27. Rxd1 Rxd1 28. Kxd1 Kd7 29. Ke2 h5 30. Kf2 h4 31. Na5 b6 32. Nc4 Ke6
33. Ke2 Kd5 34. Kd3 b5 35. Nd2 Bxd2 36. Kxd2 Kd4 37. Ke2 e4 38. fxe4 fxe4 39.
Ke1 c5 40. Ke2 e3 41. Ke1 Kd3 42. Kd1 e2+ 43. Ke1 a5 44. b4 cxb4 45. axb4 axb4
46. b3 c6 47. Kf2 Kd2 48. Kf3 e1=Q 0-1

[Event "Open B"]
[Site "?"]
[Date "2008.08.24"]
[Round "2.20"]
[White "Krizek, F."]
[Black "Mullerova, K."]
[Result "1-0"]
[WhiteElo "1432"]
[BlackElo "1250"]
[PlyCount "71"]
[EventDate "2008.08.22"]
[SourceDate "2008.08.24"]

1. d4 d5 2. Bg5 Nc6 3. c3 Bg4 4. h3 Bh5 5. Qb3 g6 6. g4 Bxg4 7. hxg4 b6 8. Bg2
Na5 9. Qxd5 Qxd5 10. Bxd5 Rd8 11. Be4 Bg7 12. Bd3 Nf6 13. f3 O-O 14. Nd2 Rfe8
15. b4 Nb7 16. Bb5 Rf8 17. e4 Rc8 18. Ne2 c5 19. Ba6 Rb8 20. Bf4 e5 21. Bxe5
Rbd8 22. Bxb7 cxd4 23. cxd4 Rd7 24. Bc6 Rdd8 25. Rc1 Rc8 26. b5 Rcd8 27. g5 Nh5
28. Bxg7 Kxg7 29. d5 Rc8 30. Nc4 f6 31. gxf6+ Nxf6 32. O-O h5 33. Nd4 Kh7 34.
Ne6 Rg8 35. Nd6 Rb8 36. e5 1-0

[Event "OPEN B"]
[Site "?"]
[Date "2008.08.24"]
[Round "2.21"]
[White "Rut, V."]
[Black "Vinecky, J."]
[Result "0-1"]
[WhiteElo "1200"]
[BlackElo "1427"]
[PlyCount "98"]
[EventDate "2008.08.23"]
[SourceDate "2008.08.24"]

1. e4 e5 2. Nf3 d6 3. Bc4 h6 4. c3 Nf6 5. d3 Be7 6. Qb3 O-O 7. Be3 Ng4 8. Nbd2
Nxe3 9. fxe3 Nd7 10. O-O Nf6 11. d4 c6 12. Rad1 Ng4 13. Rfe1 Bg5 14. Nf1 Qc7
15. h3 b5 16. Bxb5 cxb5 17. hxg4 Bxg4 18. N1h2 Bxf3 19. Nxf3 Bf6 20. Qxb5 Rab8
21. Qe2 Qb7 22. b4 Qxe4 23. Qa6 Rbc8 24. Rc1 Qg6 25. Qxd6 Rfe8 26. dxe5 Re6 27.
Qd7 Rd8 28. Qxa7 Bxe5 29. Nxe5 Rxe5 30. Qc7 Rde8 31. Qa7 Qe4 32. Kf2 Rf5+ 33.
Kg1 Rg5 34. Re2 Re7 35. Qd4 Qb7 36. Qc4 Rge5 37. Rd2 Kh7 38. Qf4 Qa6 39. Re1
Qc6 40. Rd3 g5 41. Qd4 Qg6 42. a4 Qh5 43. Rd2 g4 44. a5 g3 45. c4 Qh2+ 46. Kf1
Rf5+ 47. Ke2 Rf2+ 48. Kd1 Qxg2 49. Rde2 Qf3 0-1

[Event "OPEN A"]
[Site "?"]
[Date "2008.08.24"]
[Round "2.22"]
[White "Mala, A."]
[Black "Rathousky, J."]
[Result "0-1"]
[WhiteElo "1423"]
[BlackElo "1250"]
[PlyCount "50"]
[EventDate "2008.08.23"]
[SourceDate "2008.08.24"]

1. e4 e5 2. Nf3 Nc6 3. Bb5 a6 4. Ba4 Nf6 5. O-O Be7 6. Re1 b5 7. Bb3 O-O 8. c3
Re8 9. Bc2 d5 10. exd5 Qxd5 11. h3 e4 12. Nh2 Bd6 13. d4 Ne7 14. Nd2 Ng6 15.
Ndf1 Bf4 16. Be3 Qg5 17. Ng3 Qh4 18. Bxf4 Nxf4 19. Qd2 Qh6 20. Rad1 Bb7 21. Nf5
Qg5 22. Ng3 e3 23. Rxe3 Rxe3 24. Qxe3 Re8 25. Qc1 Ne2+ 0-1

[Event "OPEN B"]
[Site "?"]
[Date "2008.08.24"]
[Round "2.23"]
[White "Kotka, T."]
[Black "Studnicka, P."]
[Result "1-0"]
[WhiteElo "1400"]
[BlackElo "1250"]
[PlyCount "57"]
[EventDate "2008.08.23"]
[SourceDate "2008.08.24"]

1. e4 e6 2. d4 c5 3. Nf3 Ne7 4. Bg5 f6 5. Be3 b6 6. Bd3 Ba6 7. c4 Bb7 8. O-O d6
9. d5 e5 10. Nh4 g6 11. Nc3 a6 12. f4 Nd7 13. f5 Bg7 14. Qg4 Kf7 15. fxg6+ hxg6
16. Qe6+ Kf8 17. Bg5 Qc7 18. Rxf6+ Nxf6 19. Bxf6 Bxf6 20. Qxf6+ Kg8 21. Rf1 Rh7
22. Ne2 Re8 23. Nxg6 Rg7 24. Qe6+ Kh7 25. Nf8+ Kh8 26. Qh6+ Kg8 27. Ne6 Rh7 28.
Qg5+ Kh8 29. Nxc7 1-0

[Event "OPEN B"]
[Site "?"]
[Date "2008.08.24"]
[Round "2.24"]
[White "Filip, V."]
[Black "Nguyenova, A."]
[Result "0-1"]
[WhiteElo "1100"]
[BlackElo "1366"]
[PlyCount "101"]
[EventDate "2008.08.23"]
[SourceDate "2008.08.24"]

1. d4 d5 2. Nf3 Nf6 3. Ne5 Nbd7 4. Bf4 Nh5 5. e3 Nxf4 6. exf4 g6 7. Qf3 Nf6 8.
Nc3 e6 9. g4 Bb4 10. Bd3 Nd7 11. Bb5 c6 12. Bd3 Qa5 13. Bf1 Bxc3+ 14. Qxc3
Qxc3+ 15. bxc3 f6 16. Nxd7 Bxd7 17. c4 Kf7 18. cxd5 exd5 19. c4 Rhe8+ 20. Kd2
Bxg4 21. cxd5 cxd5 22. Re1 Rxe1 23. Kxe1 Re8+ 24. Kd2 Re4 25. h3 Bf5 26. Kc3
Rxf4 27. Bg2 Be4 28. f3 Bxf3 29. Bxf3 Rxf3+ 30. Kb4 Rd3 31. Kc5 Ra3 32. Kxd5
Rxa2 33. Re1 Ra6 34. Rc1 Rc6 35. Rxc6 bxc6+ 36. Kxc6 f5 37. d5 f4 38. d6 f3 39.
d7 f2 40. d8=Q f1=Q 41. Qd7+ Kf6 42. Qd6+ Kg5 43. Qd2+ Qf4 44. Qg2+ Kf5 45.
Qd5+ Qe5 46. Qf3+ Ke6 47. Qg4+ Kf7 48. Kb7 Qe7+ 49. Kc6 Qe6+ 50. Qxe6+ Kxe6 51.
Kb7 0-1

[Event "Open B"]
[Site "?"]
[Date "2008.08.24"]
[Round "2.26"]
[White "Zadnik, S."]
[Black "Pycha, P."]
[Result "1-0"]
[WhiteElo "1250"]
[BlackElo "1312"]
[PlyCount "57"]
[EventDate "2008.08.22"]
[SourceDate "2008.08.24"]

1. e4 e5 2. Nf3 Nc6 3. d4 exd4 4. Nxd4 Nxd4 5. Qxd4 d6 6. Nc3 Ne7 7. Bc4 Nc6 8.
Bb5 Bd7 9. Qc4 a6 10. Bxc6 Bxc6 11. Be3 Be7 12. O-O-O O-O 13. f4 Qc8 14. f5 Bf6
15. Nd5 Bxd5 16. Qxd5 Rb8 17. g4 Be5 18. h4 c6 19. Qb3 Kh8 20. h5 b5 21. g5 f6
22. h6 gxh6 23. Rxh6 Qd7 24. g6 Rb7 25. Rdh1 c5 26. Rxh7+ Qxh7 27. gxh7 Rxh7
28. Rxh7+ Kxh7 29. Qd5 1-0

[Event "OPEN B"]
[Site "?"]
[Date "2008.08.24"]
[Round "2.27"]
[White "Kocir, V."]
[Black "Sadil, J."]
[Result "1-0"]
[WhiteElo "1273"]
[BlackElo "1250"]
[PlyCount "61"]
[EventDate "2008.08.23"]
[SourceDate "2008.08.24"]

1. e4 e5 2. Nf3 Nf6 3. d3 Nc6 4. Be2 d6 5. O-O Be7 6. Nc3 O-O 7. Be3 Be6 8. Re1
d5 9. a3 d4 10. Bg5 dxc3 11. bxc3 Ng4 12. Bxe7 Qxe7 13. d4 Rfd8 14. Qb1 Rab8
15. d5 Bxd5 16. exd5 Rxd5 17. Bb5 Qc5 18. Bxc6 Qxc6 19. h3 Rb5 20. Qc1 e4 21.
Nd4 Qc5 22. hxg4 Rb6 23. Rxe4 Qxc3 24. Qe1 Qxe1+ 25. Raxe1 g6 26. Re8+ Rxe8 27.
Rxe8+ Kg7 28. Re7 Rd6 29. Nb5 Rd1+ 30. Kh2 c6 31. Nxa7 1-0

[Event "OPEN B"]
[Site "?"]
[Date "2008.08.24"]
[Round "2.28"]
[White "Pucholt, M."]
[Black "Filip, L."]
[Result "1/2-1/2"]
[WhiteElo "1000"]
[BlackElo "1250"]
[PlyCount "68"]
[EventDate "2008.08.23"]
[SourceDate "2008.08.24"]

1. e4 e5 2. Nf3 Nc6 3. Bc4 Nf6 4. d3 Bc5 5. h3 h6 6. c3 Bb6 7. O-O d6 8. Re1
O-O 9. d4 exd4 10. cxd4 Re8 11. Nc3 Be6 12. d5 Bd7 13. dxc6 Bxc6 14. Qb3 Re7
15. Bf4 Bxe4 16. Nd5 Nxd5 17. Bxd5 Bxd5 18. Qxd5 Rxe1+ 19. Rxe1 Qf6 20. Qd2 Rd8
21. Bg3 Rd7 22. Re8+ Kh7 23. Qc2+ g6 24. Bh4 Qg7 25. Qa4 c6 26. Qc2 f6 27. Bg3
Qf7 28. Re1 Qxa2 29. Nh4 Qf7 30. Bf4 f5 31. Bd2 d5 32. Nf3 Bc7 33. Qa4 a6 34.
Bf4 Re7 1/2-1/2

[Event "Open B"]
[Site "?"]
[Date "2008.08.24"]
[Round "2.29"]
[White "Fojtu, J."]
[Black "Soltysova, P."]
[Result "1/2-1/2"]
[WhiteElo "1250"]
[BlackElo "1250"]
[PlyCount "49"]
[EventDate "2008.08.22"]
[SourceDate "2008.08.24"]

1. e4 e5 2. Nf3 Nc6 3. Nc3 Nf6 4. Be2 Bb4 5. d3 Bxc3+ 6. bxc3 O-O 7. c4 d6 8.
O-O Be6 9. Rb1 b6 10. Be3 Re8 11. c3 Rb8 12. Nd2 a6 13. a4 Qd7 14. d4 exd4 15.
cxd4 Bg4 16. f3 Bh5 17. d5 Na5 18. Bd4 Qe7 19. Bd3 Bg6 20. Re1 h6 21. Bc3 Nb7
22. Qc2 Nc5 23. Bf1 Rb7 24. Bd4 Reb8 25. h3 1/2-1/2

[Event "Open A"]
[Site "?"]
[Date "2008.08.24"]
[Round "3.1"]
[White "Hosticka, F."]
[Black "Vokac, M."]
[Result "0-1"]
[WhiteElo "2217"]
[BlackElo "2451"]
[PlyCount "134"]
[EventDate "2008.08.22"]
[SourceDate "2008.08.24"]

1. e4 c5 2. Nf3 d6 3. Bb5+ Bd7 4. Bxd7+ Qxd7 5. O-O Nc6 6. c3 Nf6 7. Qe2 e6 8.
d4 cxd4 9. Nxd4 Be7 10. Rd1 O-O 11. Nd2 Rac8 12. N2f3 Rfd8 13. Bg5 h6 14. Bh4
Nxd4 15. cxd4 Qc7 16. d5 exd5 17. exd5 Re8 18. Qb5 a6 19. Qb3 Ne4 20. Bxe7 Rxe7
21. Nd4 Re5 22. h3 Nf6 23. Nf3 Re4 24. Rd3 Rce8 25. Rc3 Qd7 26. Rd1 Re2 27. Rc2
Rxc2 28. Qxc2 Rc8 29. Qb3 Rc5 30. a4 b5 31. axb5 Qxb5 32. Qa3 Qb6 33. Qa4 a5
34. b3 Qb5 35. Rd4 Qxa4 36. bxa4 Rxd5 37. Kf1 Kf8 38. Ke2 Ke7 39. Kd3 Rf5 40.
Ke3 Rc5 41. Nd2 Nd5+ 42. Ke2 Nb4 43. Nb3 Re5+ 44. Kd2 Nc6 45. Rd3 Re4 46. Rc3
Kd7 47. Rg3 g6 48. Rd3 Kc7 49. Rf3 Ne5 50. Rc3+ Kb6 51. Rc8 Rxa4 52. Kc3 Kb7
53. Rd8 Kc7 54. Ra8 Rc4+ 55. Kd2 a4 56. Na1 h5 57. Nc2 Kb7 58. Ra5 Nc6 59. Rb5+
Ka6 60. Rb1 Rc5 61. f4 Rc4 62. g3 h4 63. Kd3 d5 64. gxh4 Rxf4 65. Ne3 Rxh4 66.
Rc1 Nb4+ 67. Ke2 Rxh3 0-1

[Event "OPEN A"]
[Site "?"]
[Date "2008.08.24"]
[Round "3.2"]
[White "Vojta, T."]
[Black "Pokorny, M."]
[Result "1/2-1/2"]
[WhiteElo "2411"]
[BlackElo "2172"]
[PlyCount "84"]
[EventDate "2008.08.23"]
[SourceDate "2008.08.24"]

1. e4 e6 2. d4 d5 3. e5 c5 4. Nc3 Nc6 5. Nf3 Bd7 6. a3 Qb6 7. dxc5 Bxc5 8. Qd2
Nd4 9. Bd3 Ne7 10. Ng5 a5 11. O-O h6 12. Nh3 Nef5 13. Kh1 h5 14. Rb1 Be7 15. b4
axb4 16. axb4 Rc8 17. Ne2 Bb5 18. Nxd4 Nxd4 19. Bb2 Bxd3 20. Qxd3 Nf5 21. Nf4
Qc6 22. c3 h4 23. Qf3 g5 24. Ne2 Qb5 25. Ra1 Kd7 26. Ra5 Qc4 27. h3 Qe4 28.
Qxe4 dxe4 29. Rd1+ Kc7 30. Raa1 Rhd8 31. Kg1 e3 32. Ba3 b5 33. Nd4 exf2+ 34.
Kxf2 Nxd4 35. Rxd4 Rxd4 36. cxd4 Kb7 37. Rc1 Rxc1 38. Bxc1 Kc6 39. Ke2 Kd5 40.
Kd3 f5 41. exf6 Bxf6 42. Bb2 Be7 1/2-1/2

[Event "Open A"]
[Site "?"]
[Date "2008.08.24"]
[Round "3.3"]
[White "Vojta, P."]
[Black "Studnicka, T."]
[Result "0-1"]
[WhiteElo "2137"]
[BlackElo "2300"]
[PlyCount "96"]
[EventDate "2008.08.22"]
[SourceDate "2008.08.24"]

1. d4 Nf6 2. Nf3 g6 3. c4 Bg7 4. Nc3 d5 5. cxd5 Nxd5 6. e4 Nxc3 7. bxc3 c5 8.
h3 O-O 9. Be2 Nc6 10. Be3 Qa5 11. O-O Rd8 12. Bd2 e6 13. a4 Qc7 14. Be3 Qd6 15.
dxc5 Qc7 16. Qc2 Na5 17. Nd4 a6 18. Rab1 Bd7 19. Rfd1 Bf8 20. c6 Nxc6 21. Nf3
Be8 22. Rxd8 Nxd8 23. Bb6 Qe7 24. Qb3 Bc6 25. Qc4 e5 26. Rd1 Bg7 27. Bc5 Qe8
28. Ra1 Ne6 29. Bd6 Nf4 30. Bf1 Rd8 31. Bc7 Rd7 32. Bb6 Qe6 33. Qc5 Qf6 34. Qe3
h5 35. g3 Ne6 36. Bg2 Kh7 37. Qe2 Qe7 38. Nd2 Qd6 39. Nc4 Qd3 40. Qxd3 Rxd3 41.
Na5 Rxc3 42. Nxc6 Rxc6 43. Rb1 Bf8 44. Ba5 Nc5 45. Kf1 Kg7 46. Ke2 Nxa4 47.
Rxb7 Kf6 48. Kf3 Bc5 0-1

[Event "Open A"]
[Site "?"]
[Date "2008.08.24"]
[Round "3.4"]
[White "Fojtu, J."]
[Black "Taborsky, R."]
[Result "0-1"]
[WhiteElo "2105"]
[BlackElo "2282"]
[PlyCount "80"]
[EventDate "2008.08.22"]
[SourceDate "2008.08.24"]

1. e4 c5 2. Nf3 Nc6 3. d4 cxd4 4. Nxd4 Nf6 5. Nc3 d6 6. Bg5 e6 7. Be2 Be7 8.
Be3 O-O 9. O-O a6 10. f4 Bd7 11. Bf3 Rc8 12. Nxc6 Bxc6 13. Qe2 b5 14. a3 Qc7
15. Rfe1 Qb8 16. Rab1 Rfd8 17. Bf2 a5 18. Qe3 b4 19. Ne2 d5 20. e5 Ne4 21. Bxe4
dxe4 22. Ng3 Bd5 23. Qe2 bxa3 24. bxa3 Qc7 25. Nxe4 Bxe4 26. Qxe4 Bxa3 27. Re2
Bb4 28. Rxb4 axb4 29. Qxb4 Rd1+ 30. Be1 Qa7+ 31. Kf1 Rd4 32. Bf2 Rxb4 33. Bxa7
Rxf4+ 34. Ke1 Rfc4 35. Kd1 g5 36. Bf2 Kg7 37. Bg1 Kg6 38. Bf2 h5 39. Be1 Rd8+
40. Rd2 Rxd2+ 0-1

[Event "Open A"]
[Site "?"]
[Date "2008.08.24"]
[Round "3.5"]
[White "Stastny, J."]
[Black "Straka, V."]
[Result "1-0"]
[WhiteElo "2217"]
[BlackElo "1917"]
[PlyCount "41"]
[EventDate "2008.08.22"]
[SourceDate "2008.08.24"]

1. e4 c5 2. Nf3 Nc6 3. d4 cxd4 4. Nxd4 g6 5. c4 Nf6 6. Nc3 Nxd4 7. Qxd4 d6 8.
Bg5 Bg7 9. Be2 O-O 10. Qe3 Qa5 11. O-O Re8 12. Rab1 Be6 13. Rfc1 Ng4 14. Bxg4
Bxg4 15. Nd5 Kf8 16. b4 Qxa2 17. Bxe7+ Kg8 18. Bf6 Qe2 19. Bxg7 Kxg7 20. Qc3+
Kh6 21. Re1 1-0

[Event "OPEN A"]
[Site "?"]
[Date "2008.08.24"]
[Round "3.6"]
[White "Hadzala, D."]
[Black "Fojtu, P."]
[Result "1/2-1/2"]
[WhiteElo "2099"]
[BlackElo "2176"]
[PlyCount "67"]
[EventDate "2008.08.23"]
[SourceDate "2008.08.24"]

1. Nf3 f5 2. c4 Nf6 3. Nc3 g6 4. g3 Bg7 5. Bg2 c6 6. O-O O-O 7. Rb1 a5 8. a3 d6
9. Qc2 e5 10. d3 h6 11. b4 g5 12. b5 f4 13. c5 g4 14. Nh4 fxg3 15. fxg3 d5 16.
Nf5 Bxf5 17. Rxf5 Nbd7 18. Na4 Qe7 19. Bd2 Qe6 20. Rff1 Nh7 21. bxc6 bxc6 22.
Nb6 Ra7 23. Rxf8+ Bxf8 24. Nxd7 Qxd7 25. Rb8 Ng5 26. Qc1 Qe7 27. Bxg5 hxg5 28.
h3 Kg7 29. Kh2 Kg6 30. Qf1 Bg7 31. hxg4 Rb7 32. Qf5+ Kh6 33. Rc8 Rc7 34. Rxc7
1/2-1/2

[Event "OPEN A"]
[Site "?"]
[Date "2008.08.24"]
[Round "3.7"]
[White "Kozak, M."]
[Black "Petrun, M."]
[Result "1/2-1/2"]
[WhiteElo "2209"]
[BlackElo "1923"]
[PlyCount "53"]
[EventDate "2008.08.23"]
[SourceDate "2008.08.24"]

1. Nf3 d5 2. d4 Nf6 3. c4 c6 4. cxd5 cxd5 5. Nc3 Nc6 6. Bf4 Qb6 7. a3 Bf5 8.
Na4 Qd8 9. e3 Nh5 10. Be5 Bg4 11. Be2 Nf6 12. O-O e6 13. Bg3 Be7 14. Rc1 O-O
15. Ne5 Bxe2 16. Qxe2 Nxe5 17. Bxe5 Bd6 18. Bxd6 Qxd6 19. Rc2 Rfc8 20. Rfc1
Rxc2 21. Qxc2 Qd7 22. Nc5 Qc6 23. Nd3 Qxc2 24. Rxc2 Ne8 25. Kf1 Kf8 26. Ke2 Ke7
27. f3 1/2-1/2

[Event "Open A"]
[Site "?"]
[Date "2008.08.24"]
[Round "3.8"]
[White "Fikr, L."]
[Black "Cerny, M."]
[Result "0-1"]
[WhiteElo "2037"]
[BlackElo "2203"]
[PlyCount "106"]
[EventDate "2008.08.22"]
[SourceDate "2008.08.24"]

1. Nf3 Nf6 2. g3 d5 3. Bg2 Bg4 4. O-O c6 5. d4 e6 6. Nbd2 Nbd7 7. c4 Be7 8. b3
Qa5 9. Bb2 Ba3 10. Qc2 Bxb2 11. Qxb2 O-O 12. Rfe1 Rad8 13. e4 dxe4 14. Nxe4
Bxf3 15. Bxf3 Nxe4 16. Bxe4 Nf6 17. Bf3 Rd7 18. Rad1 Rfd8 19. Re2 Qf5 20. Kg2
Ne8 21. Red2 Qf6 22. Qa3 a6 23. Qc5 Nd6 24. d5 cxd5 25. cxd5 e5 26. Bg4 Re7 27.
Qb6 Ree8 28. h4 Qg6 29. Be2 f5 30. Qe3 f4 31. Qf3 Nf5 32. Qg4 fxg3 33. Qxg6
hxg6 34. d6 gxf2 35. Kxf2 Nd4 36. Bc4+ Kh7 37. Rxd4 exd4 38. Rxd4 Kh6 39. Be2
g5 40. h5 g6 41. hxg6 Kxg6 42. Bg4 Kf6 43. d7 Re5 44. a4 Ke7 45. Rb4 Rf8+ 46.
Kg2 Rf4 47. Rxf4 gxf4 48. Kf3 Re3+ 49. Kxf4 Rxb3 50. Ke5 Rb4 51. Bh3 Rxa4 52.
Kd5 Ra5+ 53. Ke4 Rh5 0-1

[Event "Open A"]
[Site "?"]
[Date "2008.08.24"]
[Round "3.9"]
[White "Herejk, P."]
[Black "Dvorak, M."]
[Result "1-0"]
[WhiteElo "2197"]
[BlackElo "2001"]
[PlyCount "59"]
[EventDate "2008.08.23"]
[SourceDate "2008.08.24"]

1. e4 c5 2. Nf3 Nc6 3. d4 cxd4 4. Nxd4 Nf6 5. Nc3 e5 6. Ndb5 d6 7. Bg5 a6 8.
Na3 b5 9. Bxf6 gxf6 10. Nd5 f5 11. c3 Bg7 12. exf5 Bxf5 13. Nc2 O-O 14. Nce3
Be6 15. Bd3 f5 16. O-O Ra7 17. Qh5 e4 18. Bc2 Be5 19. f4 exf3 20. Rxf3 f4 21.
Qh6 Bxd5 22. Nxd5 Rg7 23. Raf1 Qd7 24. Nxf4 Rf6 25. Ne6 Qxe6 26. Rxf6 Bxf6 27.
Bb3 d5 28. Qxf6 Qxf6 29. Rxf6 Ne7 30. Rxa6 1-0

[Event "Open A"]
[Site "?"]
[Date "2008.08.24"]
[Round "3.10"]
[White "Vanka, M."]
[Black "Zdenek, P."]
[Result "1-0"]
[WhiteElo "2184"]
[BlackElo "1775"]
[PlyCount "45"]
[EventDate "2008.08.22"]
[SourceDate "2008.08.24"]

1. e4 c5 2. Nc3 e6 3. f4 g6 4. Nf3 Bg7 5. d4 cxd4 6. Nxd4 a6 7. Be3 Ne7 8. Be2
Nbc6 9. Bf3 O-O 10. Qd2 b5 11. O-O-O Qa5 12. Kb1 b4 13. Nce2 Nxd4 14. Bxd4 e5
15. Be3 Nc6 16. f5 Rd8 17. Qd5 Qxd5 18. exd5 Ne7 19. Bb6 Rf8 20. d6 Nc6 21.
Bxc6 dxc6 22. d7 Bb7 23. d8=Q 1-0

[Event "Open A"]
[Site "?"]
[Date "2008.08.24"]
[Round "3.11"]
[White "Koper, S."]
[Black "Ptak, P."]
[Result "1-0"]
[WhiteElo "2007"]
[BlackElo "2148"]
[PlyCount "54"]
[EventDate "2008.08.23"]
[SourceDate "2008.08.24"]

1. d4 g6 2. c4 Bg7 3. Nc3 f5 4. e4 d6 5. Nf3 Nh6 6. e5 dxe5 7. Bxh6 Bxh6 8.
Nxe5 O-O 9. c5 Nd7 10. Bc4+ Kg7 11. Qe2 Nf6 12. Rd1 c6 13. O-O Nd5 14. Bxd5
cxd5 15. f4 Kg8 16. h4 Rf6 17. g3 Bg7 18. b4 Be6 19. Ra1 Bf7 20. a4 Rc8 21.
Nxf7 Rxf7 22. Qe6 Kf8 23. b5 Rc7 24. a5 b6 25. a6 bxc5 26. dxc5 Rf6 27. Qxd5
Re6 1-0

[Event "OPEN A"]
[Site "?"]
[Date "2008.08.24"]
[Round "3.12"]
[White "Sokol, R."]
[Black "Krasnay, P."]
[Result "1-0"]
[WhiteElo "1979"]
[BlackElo "2117"]
[PlyCount "75"]
[EventDate "2008.08.23"]
[SourceDate "2008.08.24"]

1. e4 c5 2. Nf3 Nc6 3. d4 cxd4 4. Nxd4 Nf6 5. Nc3 e5 6. Ndb5 d6 7. Bg5 a6 8.
Na3 b5 9. Bxf6 gxf6 10. Nd5 Bg7 11. c3 Ne7 12. Nxe7 Qxe7 13. Nc2 f5 14. exf5
O-O 15. Ne3 Bb7 16. Be2 e4 17. h4 Rad8 18. g4 d5 19. Nc2 d4 20. cxd4 e3 21. f3
Bxd4 22. Nxd4 Qb4+ 23. Kf1 Rxd4 24. Qb3 Qe7 25. g5 Rd2 26. g6 h6 27. Rg1 Bxf3
28. gxf7+ Kh7 29. Bxf3 Rf2+ 30. Ke1 Rxf3 31. Rg4 Rxf5 32. Rc1 e2 33. Qd3 R8xf7
34. Rf4 Qe6 35. Rc5 Kg6 36. h5+ Kg5 37. Qg3+ Kf6 38. Rcxf5+ 1-0